• 首页
  • 本馆介绍
  • 公告通知
  • 最新文献
  • 馆藏检索
  • 电子资源
  • 读者导购
  • 参考咨询
  • 我的图书馆
  • 登录
  • 详细信息显示
  • 放入我的书架
  • 预约/预借图书
  • 作者相关作品
  • 分类相关作品
  • 丛书相关作品
  • 出版社相关作品

书目信息

  • 表格格式
  • 工作单格式
  • 卡片格式
题名:
离散数学
    
 
作者: 屈婉玲 , 耿素云 , 张立昂 编著
分册:  
出版信息: 北京   清华大学出版社  2014.1
页数: 14,334页
开本: 26cm
丛书名:
单 册:
中图分类: O158
科图分类:
主题词: 离散数学--高等学校--教材 , 离散数学
电子资源:
ISBN: 978-7-302-33989-2
000 01043nam0 2200301 450
001 0400004051
005 20171129081709.73
010    @a978-7-302-33989-2@dCNY39.80
090    @aO158@bqwl
100    @a20140429e20162014em y0chiy50 ea
101 0  @achi
102    @aCN@b110000
105    @ay z 000yy
106    @ar
200 1  @a离散数学@9li san shu xue@f屈婉玲,耿素云,张立昂编著
205    @a第3版
210    @a北京@c清华大学出版社@d2014.1@h2016.2
215    @a14,334页@d26cm
300    @a21世纪大学本科计算机专业系列教材 普通高等教育“十一五”国家级规划教材 普通高等教育精品教材 国家精品课程配套教材
330    @a本书共14章,内容包含证明技巧、数理逻辑、集合与关系、函数、组合计数、图和树、初等数论、离散概率、代数系统等。
606 0  @a离散数学@x高等学校@j教材
606 0  @a离散数学
690    @aO158@v5
701  0 @a屈婉玲@9qu wan ling@c(女,@f1946~)@4编著
701  0 @a耿素云@9geng su yun@4编著
701  0 @a张立昂@9zhang li ang@c(计算机)@4编著
801  0 @aCN@bNLC@c20171023
905    @b1027821-5@dO158@f5@e105=3
    
    离散数学/屈婉玲,耿素云,张立昂编著.-第3版.-北京:清华大学出版社,2014.1(2016.2)
    14,334页;26cm
    21世纪大学本科计算机专业系列教材 普通高等教育“十一五”国家级规划教材 普通高等教育精品教材 国家精品课程配套教材
    
    ISBN 978-7-302-33989-2:CNY39.80
    本书共14章,内容包含证明技巧、数理逻辑、集合与关系、函数、组合计数、图和树、初等数论、离散概率、代数系统等。
●
相关链接 在E读中查询图书 在五车中查询图书 在当当中查询图书 在豆瓣中查询图书


正题名:离散数学     索取号:O158/105=3         预约/预借

序号 登录号 条形码 馆藏地/架位号 状态 备注
1 1027821   210278215   第二样本阅览室/ [索取号:O158/105=3] 在馆    
2 1027822   210278224   第三借阅区/ [索取号:O158/105=3] 在馆    
3 1027823   210278233   第三借阅区/ [索取号:O158/105=3] 在馆    
4 1027824   210278242   第三借阅区/ [索取号:O158/105=3] 在馆    
5 1027825   210278251   密集书库-数信学院/ [索取号:O158/105=3] 在馆    
唐山师范学院图书馆 欢迎您!
大连网信软件有限公司© 版权所有